[Event "Welsh Seniors Championship"]
[Site "Merthyr Tydfil"]
[Date "2019.09.29"]
[Round "4.3"]
[White "Phillips, William"]
[Black "Pinch, David"]
[Result "1/2-1/2"]
[WhiteElo "1894"]
[BlackElo "1646"]
[Annotator "kemen"]
[PlyCount "37"]
[EventDate "2019.??.??"]

{[%evp 0,37,58,28,25,19,27,19,19,19,19,13,24,3,0,-21,16,16,16,7,7,9,4,14,23,23,
23,36,31,-20,-23,-23,-9,-63,-16,-42,-42,-44,-38,-47]} 1. e4 e6 2. d4 d5 3. exd5
exd5 {the Exchange variation of the French has a drawish reputation} 4. Nf3 (4.
Bd3 Bd6 5. Ne2 {is an older variant}) 4... Nf6 (4... Bd6 5. Bd3 Ne7) 5. Be2 (5.
Bd3 {more active}) (5. c4 {a modern aggressive line, much played by Normunds
Miezis in particular}) 5... Be7 (5... Bd6) 6. O-O O-O 7. c4 c6 (7... dxc4 {
gives Wh an IQP, as in the previous rd; main line}) 8. Nc3 Be6 (8... dxc4 {main
}) 9. b3 (9. c5 {alternative}) 9... Nbd7 10. Bb2 (10. Qc2 {Cloud Engines,1.5-0.
5}) 10... Re8 11. Qc2 (11. Ng5 Nf8 12. Nf3 Qc7 13. Ne5 Rad8 14. f4 Bf5 15. c5
Ne4 16. Rc1 Nd7 17. g4 Nxc3 18. Rxc3 Be4 $15 {Urban-Jaroch, KPZ ch,Ciechocinek
2002,0-1}) 11... Nf8 (11... Bd6) (11... Nh5) 12. Rad1 Ng6 13. Ne5 Qc8 (13...
Nf4 14. Bf3 Qc7 $11 {Komodo13}) 14. Nxg6 hxg6 $15 15. Bd3 Qd7 16. Ne2 Bf5 (
16... dxc4 17. bxc4 Bd6 $15 {Komodo13}) 17. Ng3 Bxd3 18. Qxd3 Bd6 19. c5 (19.
c5 Bxg3 20. hxg3 Ne4 $15 {the N is far better than the B stuck behind its own
pawns}) (19. c5 Bc7 20. Rfe1 Nh7 21. Rxe8+ Rxe8 22. Bc1 Nf8 23. b4 Ne6 $15)
1/2-1/2

[Event "Welsh Seniors Championship"]
[Site "Merthyr Tydfil"]
[Date "2019.09.29"]
[Round "5.1"]
[White "Pinch, David"]
[Black "Penny, Liam"]
[Result "1/2-1/2"]
[WhiteElo "1646"]
[BlackElo "1674"]
[Annotator "kemen"]
[PlyCount "119"]
[EventDate "2019.??.??"]
[WhiteTeam "Wales"]
[WhiteTeamCountry "WLS"]

{[%evp 0,119,35,13,24,6,6,6,7,2,-3,9,0,-15,-10,-16,-16,-23,-23,-17,-22,-62,-62,
-37,-49,-49,-24,-19,-23,-20,-27,-21,0,-53,-51,-51,-30,-42,-42,-40,-42,-32,-43,
-54,-51,-55,-56,-65,-72,-69,-60,-69,-70,-77,-75,-75,-75,-80,-66,-82,-81,-74,
-73,-90,-95,-84,-87,-89,-93,-95,-96,-99,-93,-91,-87,-98,-76,-108,-91,-90,-108,
-108,-108,-114,-108,-127,-115,-127,-127,-127,-123,-116,-130,-124,-122,-122,
-105,-141,-110,-122,-18,-185,-163,-180,-5,-5,-4,-4,-4,-4,0,0,0,-4,-4,-6,-4,-4,
-4,-6,-4,-3]} 1. d4 d5 2. c4 e6 3. Nf3 Nf6 4. g3 dxc4 5. Bg2 (5. Qa4+ {regains
the pawn immediately-R [Note-all other comments are by David]}) 5... Nc6 (5...
a6 {more frequent} 6. O-O Nc6 7. e3 {as found in top GM practice-R}) 6. O-O (6.
Qa4 {the only move discussed in the most Theory books, eg Avrukh & Bolgan
recently.} Bb4+ 7. Bd2 Nd5 8. Bxb4 Ndxb4 9. O-O Rb8 10. Na3 O-O (10... a6 11.
Ne5) 11. Qb5 {main line of the GMs-R}) 6... Be7 (6... Rb8 {Davies 2009
discusses this as the main reason against the 'nonchalant' 0-0.Bl can now
retain the pawn & life gets complicated.} 7. Nc3 (7. a4 a6 {only scores 38%
for Wh}) 7... b5 8. Ne5 (8. e4 {not as good as Bl has saved on not playing a6
compared with other lines}) 8... Nxe5 9. dxe5 Nd7 {and now Davies backs the
lessplayed} 10. Bf4 {as in Miton-Charbonneau,Montreal 2007,1-0 -R}) 7. Qc2 $5 {
Same principle is 7.Qa4, which retains the d4 pawn. White wins 67% with Qa4.  
[ not discussed in the Theory books. The move has featured in 3 games in all
of which the Bl player declined the pawn, & suffered 2 losses & got 1 draw !
-R]} Nxd4 8. Nxd4 Qxd4 {the various Cloud Engines agree that Wh has just
enough compensation for the pawn, though there are a variety of moves given
next -R} 9. Rd1 $11 {main Cloud Engine choice- R} (9. Be3 $11) (9. Nd2 $11) (9.
Na3 $11 {-R}) 9... Qb6 10. Qxc4 (10. Nd2 $11) (10. Na3 $11 {both Komodo13-R})
10... Bc5 (10... c6 $15 {Komodo13}) 11. e3 Bd7 12. Nc3 {Now and later white
can regain the pawn by 12.Bxb7 Qxb7 13.Qxc5, but white's bishop is more
valuable than black's} (12. Bxb7 Qxb7 13. Qxc5 Qf3 14. Rd4 (14. Rxd7 Nxd7 15.
Qxc7 O-O $19) 14... Bc6 $19 {Komodo13- R}) 12... O-O (12... O-O-O $15 {Komodo13
}) 13. b3 Rfd8 14. Bb2 Be7 {[Houdini B0.26 best]} 15. Rac1 Rac8 16. Ne2 {
Intending to occupy d4, but it only leads to exchanges.} (16. Ne4 $11) (16. Na4
$11 {Komodo13}) 16... Bb5 17. Qc2 Bxe2 (17... c5 $17 {Komodo13-not giving Wh
the 2 Bs- R}) 18. Qxe2 Rxd1+ 19. Rxd1 {[Houdini B0.38 best]} c6 20. Rd4 Rd8 21.
Qd2 Rxd4 22. Bxd4 Qd8 23. Qc2 a6 24. Bf3 {[Houdini B0.67 best]. Black's
advantage has increased due to exchanges} Nd5 (24... Qd6 25. Kg2 Nd7 26. Bc3
Bf6 $17 {Komodo13, with further exchanges & getting rid of the 2 Bs- R}) 25.
Kg2 Bf6 26. Qc4 {[Houdini B0.86 best Bc5 B0.66]} Bxd4 27. Qxd4 h6 28. a4 {
28.e4? falis to Nf4+, losing the Q. 28.a4 aims to stymie black's pawn majority.
} Qe7 (28... Qb6 $17 {Komodo13}) 29. h4 Qb4 {The best way to swap Q's is to
put your own in a central dominating position. White wanted the dominance, but
not the swap.} 30. Qxb4 {[Houdini B1.08 best Qe5 B0.67]} Nxb4 31. Kf1 {Rushing
over to the Q-side} Kf8 $19 {Komodo13 & Rudy- the N is much superior to the B
as it can force the K away. The Bl plan should simply be to push the extra
pawn to become passed, then sacrifice it to get access to the K side pawns. _R}
32. Ke2 a5 (32... Ke7 {-R}) 33. Kd2 Ke7 34. Be2 {Preventing b5, although
perhaps it was important for the wh K to occupy c4 before the Bl K gets there.
[ The Wh K will not be able to stay on c4 long, as Bl can evict it with Nd6ch
(which also supprts b5)- R} Kd6 35. Kc3 Ke5 $2 {I expected Kc5, followed by b5,
to get the Q-side majority moving. Instead Bl is going K-side but the Wh B
prevents penetration.} 36. Kc4 Kd6 37. Bf3 {There is nothing that Wh can do
now except to await events.} f5 (37... Nd5 38. e4 Nf6 39. Bh1 Ng4 40. f3 (40.
f4 e5 41. f5 Ne3+ 42. Kd3 Nf1 43. g4 Kc5 {the B has become a bystander}) 40...
Ne5+ 41. Kd4 b5 $19 {Komodo13-R}) 38. Be2 {[Houdini best g4 B1.45]} e5 {
Black's strategy is clear now. He wants to swap off all K-side pawns bar one,
the e3 pawn, which wh will have difficulty defending. This uses the principle
of 'two weaknesses'. [True, but if the strategy of sacrificing the outside
pawn is followed, there will be 4 Wh pawns as target. The basic priciple is if
you want to win endings , keep as many pawns on as possible, but swap pieces (
& vice-versa if you want to draw) _R} 39. Bh5 $2 {Perhap now was the time for
39.h5. Houdini prefers g4.} (39. h5 Nd5 40. Bf1 Nf6 41. Be2 Ng4 42. e4 (42.
Bxg4 fxg4 43. e4 b6 44. b4 axb4 45. Kxb4 Kc7 46. Kc4 Kb7 47. Kb4 Ka6 48. Kc4
Ka5 49. Kb3 b5 50. axb5 Kxb5 {is a simple K & P ending, where Bl will wipe out
all 4 of Wh's K side pawns (if he chooses)_R}) 42... Nxf2 43. exf5 Ne4 44. g4
Nf6 45. Bd1 e4) 39... e4 {Threatening Nd3, winning the f2 pawn and the game.}
40. Be2 b6 (40... g5 41. hxg5 hxg5 42. g4 Nd3 43. gxf5 (43. Bxd3 exd3 44. Kxd3
fxg4) 43... Nxf2 44. f6 g4 45. Bf1 Ke6 46. Kd4 (46. Kc5 Kxf6 47. Kb6 Nd1 48.
Kxb7 Nxe3 49. Be2 g3 {and Bl Qs long before Wh-Komodo13}) 46... Kxf6 $19 {-R})
41. Bf1 Ke5 {Whites King now has no moves} 42. Be2 g5 (42... Nd5 43. h5 Nf6 44.
Bd1 Ng4 45. Bxg4 fxg4 46. Kc3 Kd5 {is a simple win-R}) 43. hxg5 hxg5 44. Bf1 f4
(44... Nd3 $19 {Komodo13} 45. f3 (45. Bxd3 exd3 46. Kxd3 g4 47. Kd2 Ke4 {
and Bl mobilizes the extra pawn on the Q side to demolish the Wh K side}) 45...
Nb2+ 46. Kc3 exf3 47. Kxb2 (47. Kd2 Ke4 48. Ba6 f2 49. Ke2 f1=Q+ 50. Kxf1 Kxe3)
47... Ke4 {and the Wh K is too far away-Komodo13 & R}) 45. gxf4+ gxf4 46. exf4+
$1 {Black has reduced it to one pawn each but it is the f2 pawn, not the e3
pawn. It takes black's N three moves to be in a position to attack it, giving
white's B time to get into position to prevent it.} Kxf4 47. Be2 {The Bishop
can also prevent incursion by the K.} Ke5 ({With fewer pawns Bl has made life
more difficult for himself- & also created an e pawn that could become a
target of K & B} 47... Nd5 48. Kd4 Nf6 49. Bd1 Nh7 (49... Ne8 50. Be2 (50. Bh5
Ng7 $19 51. Bf7 Nf5+ 52. Kc3 Kf3 53. Be6 Kxf2 54. Bxf5 e3 55. Bg4 e2 56. Bxe2
Kxe2 $19) 50... Ng7 51. Kc4 Nf5 52. Kc3 Ke5 53. Bd1 Kd5 54. Bh5 Kc5 55. Bg6 Nd6
56. Bh5 b5 57. axb5 cxb5 58. b4+ {best chance} (58. f3 e3 59. Kd3 a4 $19 {
Komodo13}) 58... axb4+ 59. Kb3 Nb7 60. Bg6 Na5+ 61. Kb2 Kd4 62. Be8 b3 63. Bxb5
Kc5 64. Be8 Kb4 65. Bg6 Nc4+ 66. Kc1 {and Bl cannot win because of the
vulnerability of the e pawn-Komodo13 nudged_ R}) 50. Bh5 Ng5 51. Be8 c5+ 52.
Kd5 Nh3 53. Kc6 Nxf2 54. Kxb6 c4 $1 {cuts off the B from e2} 55. bxc4 e3 56.
Bh5 Ng4 57. Bxg4 Kxg4 58. c5 e2 59. c6 e1=Q 60. c7 {is actually a draw!
Nalimov endgame table bases, analysis Komodo13 & Stockfish10. _R}) 48. Bf1 Nd5
49. Be2 b5+ (49... Nf4 {forces Wh into zugzwang} 50. Bf1 Kf5 51. Kd4 Ne6+ 52.
Ke3 (52. Kc3 Kf4 53. Bc4 Ng5 54. Kd2 Nf3+ 55. Ke2 b5 56. axb5 cxb5 57. Bg8 b4
58. Bf7 Nd4+ 59. Kd2 Ke5 60. Bg8 Nf5 61. Ke1 Kd4 62. Kd2 Nd6 63. Be6 Nb7 64.
Bg8 Nc5 65. Bf7 Nd3 66. Ke2 Kc3 $19 {Komodo13}) 52... Ke5 53. Bg2 (53. Bh3 Nd4
54. Bg2 Nf5+ 55. Kd2 Kd4 $19 (55... Nh4)) 53... Nc5 54. Bh1 Nxb3 55. Bxe4 Kd6
56. Bc2 Nc5 57. Kd4 b5 58. axb5 cxb5 {Black mates in 34-Lomonosov tablebases_ R
}) 50. axb5 cxb5+ 51. Kc5 $1 {51.Kxb5? Nc3+ picks up the Bishop.} a4 {the
wrong pawn! Bl needs to keep the b3 pawn as a target, not swap it off,
diminishing the number of pawns on the board._R} (51... b4 $1 52. Bc4 (52. Kc4
Nc3 53. Bg4 Kf4 54. Bh5 Kg5 55. Be8 Kg4 56. Bd7+ Kf3 57. Be8 Kxf2 $19) 52...
Nf4 53. Kb5 Kd4 54. Kxa5 Nd3 (54... Kc3 {plays safe} 55. Bf1 Kxb3 56. Ba6 Kc3
57. Bb7 b3 58. Bxe4 Nd3 $19) 55. Kb6 Nxf2 $19 {Komodo13 _R}) 52. bxa4 bxa4 53.
Bc4 {Gets on the pawn's diagonal with tempo [ this move & Kc4 draw according
to Lomonosov Tablebases; all others lose_R ]} Nc3 54. Kb4 {Houdini is now
assessing it as a draw.} Kd4 55. Ba6 {The K is monitoring the pawn.} Nd1 56.
Kxa4 Nxf2 {One pawn left so white can draw by swapping the Bishop for the pawn.
} 57. Be2 {Necessary, else black plays Nd3 and the pawn can pass.} (57. Kb3 Nd3
58. Bc8 e3 59. Bg4 {also draws_R}) 57... e3 {If Ke3 instead then the Bishop
goes to the other side, such h5. Houdini} (57... Ke3 58. Bf1 {is simpler_R})
58. Kb3 Nd3 59. Bf1 Nf4 60. Kc2 {Draw agreed} 1/2-1/2

[Event "Welsh Seniors Championship"]
[Site "Merthyr Tydfil"]
[Date "2019.09.29"]
[Round "5.2"]
[White "Van Kemenade, R."]
[Black "James, Dai"]
[Result "1-0"]
[WhiteElo "1885"]
[BlackElo "1858"]
[Annotator "kemen"]
[PlyCount "87"]
[EventDate "2019.??.??"]

1. e4 e6 2. d3 c5 (2... d5 3. Qe2 Be7 4. Nf3 Nf6 5. g3 c5 (5... O-O 6. Bg2 c5
7. e5 Nfd7 8. O-O {Van Kemenade-James, WLS blitz 2019,1-0}) 6. Bg2 Nc6 7. O-O
d4 8. e5 {Van Kemenade-James, ECF qual blitz, Cardiff 2018,1-0}) 3. Nf3 Nc6 {
main} (3... b6 4. g3 Bb7 5. Bg2 d6 6. O-O Qc7 7. Re1 Nf6 8. c3 c4 9. e5 dxe5
10. Qa4+ Nbd7 11. Qxc4 Qxc4 12. dxc4 e4 {Van Kemenade-James,Welsh Seniors 2016,
1/2-1/2}) (3... d6 4. g3 Nf6 5. Bg2 Be7 6. O-O O-O 7. Re1 Nc6 8. c3 e5 9. h3
Ne8 10. d4 Qc7 11. Na3 a5 12. dxc5 dxc5 13. Nc4 {Van Kemenade-James,Welsh
Seniors 2017,1-0}) (3... d6 4. g3 Qc7 5. Bg2 Nf6 6. O-O Be7 7. Re1 O-O 8. c3
Nc6 9. d4 d5 10. exd5 exd5 {Van Kemenade-James, Welsh Seniors 2018,0-1}) 4. g3
g6 5. Bg5 (5. Bg2 {main}) 5... Nge7 $6 (5... Qb6) (5... Qc7) 6. Bf6 Rg8 7. Bg2
(7. Nc3 d6 (7... Rb8 8. a4 (8. e5 $18 {Stockfish10}) 8... a6 9. Bg2 d6 10. O-O
(10. Ng5 $18) 10... Bg7 11. Bxg7 Rxg7 12. Qd2 Nd4 13. Nxd4 cxd4 14. Ne2 e5 15.
Qh6 Kf8 16. f4 Kg8 (16... Ng8 $11) 17. h3 $11 {Ridge-Floros,SCO ch, Glasgow
2012,1/2-1/2}) 8. d4 Bg7 9. Bxg7 Rxg7 10. dxc5 dxc5 11. Nb5 Qxd1+ 12. Rxd1 Kf8
13. Bc4 {Carlier-Weil, Herlies op 1997,1-0}) (7. Qd2 Bg7 8. Bxg7 Rxg7 9. Qh6
Kf8 10. Ng5 Kg8 11. Nf3 e5 12. h4 d5 $11 {Balakrishnan-Acar, Wld ch U10,
Maribor 2012,1-0}) (7. Ng5 h6 8. Nh7 Bg7 9. Bg2 d6 10. Qd2 Rh8 11. Bxg7 Rxh7
12. Bxh6 $18 {Stockfish10}) 7... Bg7 8. Bxg7 Rxg7 9. e5 {probably too early} (
9. O-O) 9... Nf5 (9... g5 10. h3 Ng6 11. Nbd2 Ngxe5 12. Nxe5 Nxe5 13. O-O Qb6
14. Re1 Qxb2 15. Rb1 Qd4 16. Re4 Qd6 17. Re1 (17. Qh5 Qc7 18. Qh6) 17... f6 18.
Ne4 Qe7 19. d4 cxd4 20. Qxd4 Kf7 21. Nd6+ Kg8 22. Rxe5 (22. Rb5 $14) 22... fxe5
23. Qxe5 Rg6 24. c4 $14 {Komodo13}) 10. c3 d5 11. O-O (11. exd6 {original idea}
Qxd6 12. O-O $16) 11... f6 (11... g5 {making use of the R} 12. Re1 g4 13. Nfd2
b6 14. Na3 Kf8 $11 {Stockfish10}) 12. Re1 fxe5 (12... Kf8) 13. Nxe5 Nxe5 14.
Rxe5 $16 {Bl has ended up with a weak e6 & lost control over e5, though this
has been tried in related French positions, where Bl aims to get play
elsewhere.} Kf8 15. Nd2 Qf6 16. Qe2 (16. Nf3) (16. f4 {alternatives}) 16... Bd7
17. Re1 (17. Rf1 Kg8 18. f4 {Stockfish10}) 17... Kg8 (17... Re8 $2 18. Bxd5)
18. f4 (18. Nb3 {Stockfish10} Rc8 (18... b6 19. Rxd5 $1) 19. c4 dxc4 20. Nxc5
b6 (20... cxd3 21. Qxd3 Rd8 (21... Qe7 22. Nxe6) 22. Nxb7 $18) 21. Nxd7 Rxd7
22. dxc4 Nd4 23. Qd3 Rcd8 24. Qc3 $18 {Stockfish10}) 18... Rf8 19. c4 {trying
to force things} (19. Nf3 h6 20. Rf1 $16 {but there is no breakthrough visible
as the Bl pieces are very compact} b6 (20... d4 21. Rxc5) 21. d4 $16) 19... Nd4
20. Qf2 (20. Qd1 {was considered better in the pm analysis, as the Q becomes
vulnerable here.g5 is a constant possibility for Bl, & Stockfish10 plays it
here as well} g5 (20... Nc6 21. R5e2 (21. d4 $11 Nxe5 (21... cxd4 22. Rxe6 Bxe6
23. Rxe6 Qd8 24. cxd5 Ne7 25. Ne4 Nf5 26. g4 Nh4 27. Qxd4 $11) 22. dxe5 Qf7 23.
cxd5 exd5 24. Nb3 d4 25. Nxc5 $11) 21... Qxb2 22. cxd5 exd5 23. Bxd5+ Kh8 24.
Nf3 Qf6 $11 {Stockfish10})) 20... dxc4 (20... g5 21. cxd5 gxf4 22. Nb3 Nxb3 23.
axb3 exd5 24. Bxd5+ Kh8 25. Kh1 Bc6 26. Bxc6 Qxc6+ 27. R1e4 b6 $11 {Stockfish10
}) 21. Ne4 {an afterthought, missing the reply until move was actually played}
(21. Rxc5 {originally planned, but then the Q is left defending the N} Bc6 (
21... cxd3 22. Ne4 $18) 22. Ne4 (22. Rxc4 $16 Bxg2 23. Kxg2 Rd7 24. Ne4 Qd8 25.
Nc5 Rd5 26. Nxb7 $18) 22... Bxe4 23. Rxe4 Rd7 24. Rce5 Qd8 25. dxc4 $18 {
in the long run the extra Q side must win, though the N is very powerful on d4.
}) 21... Qxe5 $17 22. fxe5 Rxf2 23. Kxf2 cxd3 24. Nxc5 (24. Rd1 {Stockfish10}
Bb5 (24... c4 25. Ke3 Nf5+ 26. Kd2 b5 27. b3 Bc8 28. bxc4 bxc4 29. Rc1 Rc7 30.
Bf1 Nd4 31. Bxd3 Nf3+ 32. Ke3 Nxe5 33. Be2 Ba6 $17) 25. Nf6+ Kf8 26. b3 Rf7 27.
Be4 b6 28. Ke3 Nc2+ 29. Kd2 Nb4 30. a4 Bc6 31. Bxd3 Nd5 $19 {Stockfish10})
24... Rf7+ 25. Kg1 Bc6 (25... Bb5 $19 {Bl had dismissed this line because of}
26. a4 (26. h4 Rc7 27. Ne4 Rc2 28. Rd1 Rxb2 29. Rd2 Rc2 $19) (26. Rd1 Ne2+ 27.
Kh1 Rc7 $19) 26... Bc4 (26... Ne2+ 27. Kh1 Rc7 28. b4 b6 29. axb5 bxc5 30. bxc5
Rxc5 {Stockfish10 is even stronger}) 27. b3 {failing to notice that Bl can
just take the pawn} Nxb3 $19) 26. Nxd3 $11 Nf3+ {this turns out to be the
start of getting into a lost position. Visually the R & B combination looks
better for Bl, but Wh will proceed to show that the B is not capable of doing
much.} (26... Bxg2 27. Kxg2 Rd7 $11) 27. Bxf3 Rxf3 28. Nf4 Kf7 $2 (28... Bd5 {
had to be tried} 29. Nxd5 exd5 30. Rd1 Kf7 31. Rxd5 Ke6 32. Rd6+ Ke7 33. Rd4
Ke6 $11) 29. Rf1 {Wh forces off the Rs} Ke7 (29... g5 {trying to get the K out}
30. Nh5 Kg6 31. g4 a5 (31... Re3 $2 32. Rf6#) 32. Rxf3 Bxf3 33. h3 {though
this line makes it impossible for the Wh K to get through to the K side & also
means that h3 & g4 need protection} a4 34. Kf2 Bc6 35. a3 Bd5 36. Ng3 Bc6 37.
Ne2 Bd5 38. Nd4 Kg7 39. Kg3 Kg6 40. h4 gxh4+ 41. Kxh4 b6 42. Ne2 Kh6 43. Nf4
Bb3 44. Kg3 Bc4 45. Nh3 Bd5 46. Kf4 Kg6 {now Wh needs to persude the b6 pawn
to go to a wh square when the Wh K then has an entry via c5} 47. Ng1 Bb3 48.
Ne2 Bc4 49. Nd4 Bd5 50. Nb5 Bc4 51. Nc7 Bd5 52. Ne8 (52. Ke3 Bc4 (52... Kg5 $2
53. Nxd5 exd5 54. Kd4 $18) 53. Na8 Kg5 54. Nxb6 (54. Kf3 $2 Bd5+) 54... Bb3 55.
Kf3 Bd1+ 56. Kg3 Bb3 57. Nd7 Bd1 58. Nc5 Bxg4 59. Nxa4 h5 60. Nc5 h4+ 61. Kh2
Kf4 $11 {as the pawns are not far enough advanced}) 52... Bc4 53. Nd6 Ba6) (
29... Re3 $2 30. Nd5+ Rf3 31. Rxf3+ Kg7 32. Ra3 Bxd5 33. Rxa7 $18) 30. Rxf3
Bxf3 {What many people do not appreciate is that even when it gets out side
the pawn chain, a bad B remains bad, as it cannot support the rear. Meanwhile
the opposing K & N infiltrate; the N creating a pathway through for the K. Bl
has no control over the bl squares.Crucial to this is the pawns on e6 & e5- it
means the Bl K cannot come out, nor leave e6 for too long. in the absence of
these 2 pawns , it would indeed be a draw, with the B then slightly better
than the N.} 31. Kf2 Bd1 32. Ke3 (32. h4) (32. a3) 32... g5 {too late now} 33.
Nh3 h6 {(draw?)} 34. Nf2 Bh5 35. Kd4 (35. Ne4 Be8 36. Nd6 b6 37. Kd4 Kd7 38.
Kc4 (38. Ne4 Ke7 39. Nf6 Kf7 40. Kc4 Ba4 41. b3 Bc6 42. Kd4 Kg6 {holds}) 38...
Bg6 39. Nb5 a6 40. Nc3 Bf5 41. Kd4 Kc6 {holds}) (35. a3 {a wise precaution})
35... Bf3 36. Ke3 (36. a3 Kf7) (36. h4 gxh4 37. gxh4 Kf7 38. Ke3 Bd5 39. a3 Kg6
40. Kf4 b6 41. Kg4 Kg7 42. Nd3 Bb3 43. Nf4 Bd1+ 44. Kg3 Kf7 $11 {Komodo13})
36... Bc6 $2 (36... Bd5 37. a3 Kf7 $11) 37. Ng4 {forcing the pawns to come to
decision} h5 38. Nf6 Be8 (38... h4 39. Nh7 Bd5 40. a3 hxg3 41. hxg3 Kf7 42.
Nxg5+ Kg6 {Komodo13} 43. Kf4 $18) 39. Nh7 $18 Bc6 40. Nxg5 Bd5 41. a3 Kd7 42.
Nh7 (42. h4) 42... Kc6 43. Nf6 h4 44. Nxd5 (44. Nxd5 Kxd5 45. Kf4) (44. Nxd5
exd5 45. gxh4 (45. Kd4)) 1-0

[Event "Welsh Seniors Championship"]
[Site "Merthyr Tydfil"]
[Date "2019.09.29"]
[Round "5.3"]
[White "Hurn, Robert AJ"]
[Black "Phillips, William"]
[Result "1/2-1/2"]
[WhiteElo "1608"]
[BlackElo "1893"]
[Annotator "kemen"]
[PlyCount "29"]
[EventDate "2019.??.??"]

{[%evp 0,29,19,31,25,-16,57,4,7,14,10,20,19,-9,8,-10,8,-1,42,10,32,5,70,69,104,
57,48,28,81,59,166,98]} 1. d4 Nf6 2. c4 g6 3. f3 Bg7 4. e4 d6 5. Nc3 Nbd7 (5...
O-O) (5... c6) 6. Nh3 (6. Be3) (6. Bg5) 6... c5 (6... e5) 7. Be3 (7. d5 {
40 games, 70% for Wh}) 7... Qa5 $146 (7... O-O {transposes back to mainsteam
lines}) (7... cxd4 8. Bxd4 O-O 9. Nf2 {5 Wh wins, 3 draws, 2 Bl wins}) 8. Nf2 (
8. d5 {Komodo13}) 8... a6 9. Qd2 (9. dxc5 Nxc5 10. Rb1 Nh5 11. Qd2 (11. Bd4 Ne6
12. Bxg7 Nexg7 13. Qd2 $16) 11... Bxc3 12. bxc3 O-O 13. Be2 $16 {Komodo13})
9... h5 10. Be2 (10. dxc5 Nxc5 11. Rb1 Qc7 12. b4 Ncd7 13. Be2 $16 {Komodo13})
10... Rb8 11. O-O (11. dxc5) 11... h4 12. d5 (12. dxc5 Nxc5 13. Rab1 Qc7 14. b4
Ncd7 15. a4 $18 {Stockfish10}) (12. f4 $18 {Komodo13}) 12... Ne5 13. Rfc1 (13.
a3) 13... Qc7 (13... h3 14. g3 b5 $11 {both Engines}) 14. Rab1 e6 15. a3 $18 {
Stockfish10} (15. f4 $1 Ned7 16. dxe6 fxe6 17. Rd1 $18 {Stockfish10 & Komodo13}
(17. Nh3 O-O 18. Ng5 Re8 19. Rd1 $18 {Stockfish10-the Bl position is full of
holes})) 1/2-1/2